Рыбохозяйственный потенциал Азовского моря: развитие в условиях изменения климата и трансформации экосистемы (Запись № 13556558)

Подробности
000 -МАРКЕР
контрольное поле 02862nam0a2200385 4500
001 - ИДЕНТИФИКАТОР ЗАПИСИ
контрольное поле RU\NLR\BIBL_A\022724309
005 - ИДЕНТИФИКАТОР ВЕРСИИ
контрольное поле 20260304144453.0
010 ## - МЕЖДУНАРОДНЫЙ СТАНДАРТНЫЙ НОМЕР КНИГИ (ISBN)
Номер (ISBN) 978-5-85382-571-0
Тираж 150
021 ## - НОМЕР ГОСУДАРСТВЕННОЙ РЕГИСТРАЦИИ
Код страны Российская Федерация
Номер КН-П-25-079046
Номер Листа государственной регистраци КН-П-25-7662
035 ## - ДРУГИЕ СИСТЕМНЫЕ НОМЕРА
Идентификатор записи (NLR Aleph) 022724309
100 ## - ДАННЫЕ ОБЩЕЙ ОБРАБОТКИ
Данные общей обработки 20260210d2025 k y0rusy50 ca
101 0# - ЯЗЫК РЕСУРСА
Язык текста, звукозаписи и т.д. русский
102 ## - СТРАНА ПУБЛИКАЦИИ ИЛИ ПРОИЗВОДСТВА
Страна публикации Российская Федерация
105 ## - ПОЛЕ КОДИРОВАННЫХ ДАННЫХ: ТЕКСТОВЫЕ МАТЕРИАЛЫ, МОНОГРАФИЧЕСКИЕ
Кодированные данные о монографическом текстовом документе ac z 000yy
181 #0 - ПОЛЕ КОДИРОВАННЫХ ДАННЫХ: ВИД СОДЕРЖАНИЯ
Код вида содержания (ISBD) i
Код характеристики содержания (ISBD) axxe
182 #0 - ПОЛЕ КОДИРОВАННЫХ ДАННЫХ: ТИП СРЕДСТВА
Код типа средства (ISBD) n - непосредственное
200 1# - ЗАГЛАВИЕ И СВЕДЕНИЯ ОБ ОТВЕТСТВЕННОСТИ
Основное заглавие Рыбохозяйственный потенциал Азовского моря: развитие в условиях изменения климата и трансформации экосистемы
Сведения, относящиеся к заглавию монография
Первые сведения об ответственности [С. В. Жукова, Л. А. Лутынская, В. Г. Карманов и др.]
Последующие сведения об ответственности научный редактор и составитель: кандидат биологических наук, доцент, Почётный работник рыбного хозяйства России С. И. Дудкин
-- Федеральноен агентство по рыболовству, Государственный научный центр Российской Федерации, Федеральное государственное бюджетное научное учреждение "Всероссийский научно-исследовательский институт рыбного хозяйства и океанографии" (ГНЦ РФ ФГБНУ "ВНИРО"), Азово-Черноморский филиал ("АзНИИРХ")
203 ## - ВИД СОДЕРЖАНИЯ И ТИП СРЕДСТВА
Вид содержания Текст
Дополнительные сведения об издании визуальный
Тип средства непосредственный
210 ## - ПУБЛИКАЦИЯ, РАСПРОСТРАНЕНИЕ И ДР.
Место издания, распространения и т.д. Москва
Имя издателя, распространителя и т. д. Изд-во ВНИРО
Дата издания, распространения и т.д. 2025
215 ## - ФИЗИЧЕСКАЯ ХАРАКТЕРИСТИКА
Специфическое обозначение материала и объем 207 с.
Другие сведения о физической характеристике ил., цв. ил., портр., табл.
Размеры 25
300 ## - ОБЩИЕ ПРИМЕЧАНИЯ
Текст примечания Авт. указаны в содерж.
320 ## - ПРИМЕЧАНИЯ О НАЛИЧИИ В ДОКУМЕНТЕ БИБЛИОГРАФИИ / УКАЗАТЕЛЯ
Текст примечания Библиогр.: с. 190-207
606 1# - НАИМЕНОВАНИЕ ТЕМЫ КАК ПРЕДМЕТ
Наименование темы Биологическая продуктивность
Тематический подзаголовок Влияние антропических факторов
Географический подзаголовок Азовское море
Системный номер авторитетной/нормативной записи 963125
Идентификатор авторитетной/нормативной записи RU\NLR\AUTH\6641082
686 1# - ИНДЕКСЫ ДРУГИХ КЛАССИФИКАЦИЙ
Индекс Е082.156(922.6)
701 #1 - ИМЯ ЛИЦА - АЛЬТЕРНАТИВНАЯ ОТВЕТСТВЕННОСТЬ
Графика поля Кириллица
Материалы, к которым относится поле rus
Начальный элемент ввода Жукова
Часть имени, кроме начального элемента ввода С. В.
Дополнения к именам, кроме дат канд. геогр. наук, гидрология
Расширение инициалов личного имени Светлана Витальевна
Системный номер авторитетной/нормативной записи 2675936
Идентификатор авторитетной/нормативной записи RU\NLR\AUTH\770284006
701 #1 - ИМЯ ЛИЦА - АЛЬТЕРНАТИВНАЯ ОТВЕТСТВЕННОСТЬ
Начальный элемент ввода Лутынская
Часть имени, кроме начального элемента ввода Л. А.
Расширение инициалов личного имени Людмила Анатольевна
701 #1 - ИМЯ ЛИЦА - АЛЬТЕРНАТИВНАЯ ОТВЕТСТВЕННОСТЬ
Начальный элемент ввода Карманов
Часть имени, кроме начального элемента ввода В. Г.
Расширение инициалов личного имени Вениамин Геннадьевич
702 #1 - ИМЯ ЛИЦА - ВТОРИЧНАЯ ОТВЕТСТВЕННОСТЬ
Начальный элемент ввода Дудкин
Часть имени, кроме начального элемента ввода С. И.
Расширение инициалов личного имени Сергей Иванович
Код отношения Составитель
712 02 - НАИМЕНОВАНИЕ ОРГАНИЗАЦИИ - ВТОРИЧНАЯ ОТВЕТСТВЕННОСТЬ
Код отношения Прочие
Начальный элемент ввода Всероссийский НИИ рыбного хозяйства и океанографии
Структурное подразделение Азово-Черноморский филиал
Идентифицирующий признак Ростов-на-Дону
Системный номер авторитетной/нормативной записи 663679
Идентификатор авторитетной/нормативной записи RU\NLR\AUTH\880501956
942 ## - ДОПОЛНИТЕЛЬНЫЕ ЭЛЕМЕНТЫ ЗАПИСИ (АБИС)
Тип экземпляра АБИС Книга
980 ## - КОЛЛЕКЦИЯ
Название коллекции Национальная библиография

Нет доступных экземпляров.